• 首页
  • 本馆介绍
  • 公告通知
  • 最新文献
  • 馆藏检索
  • 电子资源
  • 读者导购
  • 参考咨询
  • 我的图书馆
  • 登录
  • 详细信息显示
  • 放入我的书架
  • 预约/预借图书
  • 作者相关作品
  • 分类相关作品
  • 丛书相关作品
  • 出版社相关作品

书目信息

  • 表格格式
  • 工作单格式
  • 卡片格式
题名:
平寇志
    
 
作者: 彭孙贻 , 陈协〓 辑 ;刘益安 点样
分册:  
出版信息: 上海   上海古籍出版社  1984
页数: 285页
开本: 19cm
丛书名:
单 册:
中图分类: K248.1
科图分类:
主题词: 中国--历史
电子资源:
ISBN:
000 00709nam0 2200265 45
001 0184013004
005 20040506151012.1
010    @dCNY0.87
091    @b11186.63
100    @a19950306d1984 em y0chiy0121 ea
101 0  @achi
102    @aCN@b310000
105    @ay z 000yy
106    @ar
200 10 @a平寇志@Aping kou zhi@f(清)彭孙贻辑,陈协〓@g刘益安点校
210    @a上海@c上海古籍出版社@d1984
215    @a285页@d19cm
606 0  @a中国@x历史
690    @aK248.1
701  0 @a彭孙贻@Apeng sun yi@4辑
701  0 @a陈协〓@Achen xie〓@4辑
702  0 @a刘益安@Aliu yi an@4点样
801  0 @aCN@b上海图书馆@c20040506
801  2 @aCN@bNLC@c20040506
905    @f1@b130567@dK248.1@e22@b130564@f1
    
    平寇志/(清)彭孙贻辑,陈协〓/刘益安点校.-上海:上海古籍出版社,1984
    285页;19cm
    
    
    ISBN :CNY0.87
    
●
相关链接 在E读中查询图书 在五车中查询图书 在当当中查询图书 在豆瓣中查询图书


正题名:平寇志     索取号:K248.1/22         预约/预借

序号 登录号 条形码 馆藏地/架位号 状态 备注
1 0130564   000647704   密集书库/ [索取号:K248.1/22] 在馆    
2 0130565   001658842   密集书库/ [索取号:K248.1/22] 在馆    
3 0130566   001658888   密集书库/ [索取号:K248.1/22] 在馆    
4 0130567   001311814   第二借阅区/ [索取号:K248.1/22] 在馆    
5 0130568   001311805   第二样本阅览室/ [索取号:K248.1/22] 在馆    
唐山师范学院图书馆 欢迎您!
大连网信软件有限公司© 版权所有